| 000 | 00000nam##2200000za#4500 |
| 001 | 9.526941 |
| 003 | CaOODSP |
| 005 | 20200331224654 |
| 007 | ta |
| 008 | 150406|1995||||xxc||||| f|0| 0 fre|d |
| 020 | |a0-662-62255-3 |
| 040 | |aCaOODSP|bfre |
| 041 | |aeng |
| 041 | |afre |
| 043 | |an-cn--- |
| 086 | 1 |aC21-25/2-1996 |
| 110 | 1 |aCanada.|bIndustrie Canada. |bDirection de l'analyse micro-économique. |
| 245 | 13|aLe changement technologique et les institutions économiques internationales / |cpar Sylvia Ostry. |
| 260 | |aOttawa - Ontario : |bIndustrie Canada. |c1995. |
| 300 | |aTexte français, 43p. : |bgraphiques, références, tableaux ; |c28 cm. |
| 490 | 1 |aDocument de discussion|v2 |
| 500 | |aSommaire: Introduction.--Mondialisation et intégration accrue.--Le nouveau cadre de politiques axé sur une intégration accrue.--Le changement technologique et le programme d'action postérieur à l'Uruguay Round.--Initiatives possibles dans le cadre de l'OMC.--Initiatives possibles dans le cadre de l'OCDE.--Conclusions. |
| 546 | |aBilingue |
| 563 | |aCouverture souple |
| 590 | |a97-45|b1997-11-07 |
| 691 | 07|aInnovation technologique|2gcpds |
| 720 | 1 |aOstry, Sylvia |
| 776 | 0#|tTechnological change and international economic institutions |w(CaOODSP)9.571963 |
| 776 | 0#|tLe changement technologique et les institutions économiques internationales |w(CaOODSP)9.602383 |
| 791 | |tTechnological change and international economic institutions / |eeng|w(CaOODSP)9.526940 |
| 830 | #0|aDocument de discussion ;|v2|w(CaOODSP)9.509055 |